000 00340nam a2200145Ia 4500
005 20251222152041.0
008 251222s9999||||xx |||||||||||||| ||spa||
020 _a8448131967
082 _a330.1/M67
100 _aMochón Morcillo, Francisco
245 0 _aPrincipios de economía
250 _a2a.ed.
264 _bUNESCO
942 _cLIB
999 _c26053
_d26053